LEADER 00928nam a22002297a 4500
003 OSt
020 |a 9788184943405 
082 |a 581.634   |b SUR/OU 
100 |a Suresh Muthukulam 
245 |a ഔഷധസസ്യങ്ങള്‍ 
260 |a Thiruvananthapuram  |b Kerala State Institute of Children's Literature  |c 2013 
300 |a 88p. 
500 |a Oushadhasasyangal 
500 |a Oushadha sasyangal 
500 |a Medicinal plants 
546 |a Malayalam 
650 |a Medicinal plants- Sesbania grandiflora,Rauwolfia serpentina, Tinospora cordifolia, Nerium indicum 
650 |a Saraca indica,Holostemma adakodien, Withania Somnifera 
650 |a Medicinal plants-scientific name,medicinal importance 
942 |2 ddc  |c BK 
999 |c 162828  |d 162828 
952 |0 0  |1 0  |2 ddc  |4 0  |6 581_634000000000000_SUROU  |7 0  |8 Gen  |9 161924  |a KAUCLV  |b KAUCLV  |c GENERAL  |d 2018-12-04  |g 60.00  |l 2  |o 581.634 SUR/OU  |p 808002  |r 2020-06-10  |s 2020-06-10  |w 2018-12-04  |y BK